Inauguración año académico 1998

Saved in:
Bibliografiske detaljer
Institution som forfatter: Universidad Católica de Valparaíso Chile (Author)
Format: Bog
Sprog:spansk
Udgivet: Valparaíso Universidad Católica de Valparaíso 1998
Fag:
Tags: Tilføj Tag
Ingen Tags, Vær først til at tagge denne postø!

MARC

LEADER 00000nam a2200000 a 4500
001 UCG2653
003 CL-VaPUC
008 100715e19980000CL |||||||||||||||||spa|d
082 0 4 |a 378.2  |b UNI  |2 21 
110 2 |a Universidad Católica de Valparaíso Chile  |e author  |9 551170 
245 1 0 |a Inauguración año académico 1998 
300 |a 36 p 
942 |c BK 
945 |d 20100715 00:00:00  |a mfarfan 
260 |a Valparaíso  |b Universidad Católica de Valparaíso  |c 1998 
650 0 |a Universidad Católica de Valparaíso  |y 1998  |9 551171 
583 |a last modification  |c 20130925 08:54:12  |k Rodrigo Vera 
999 |c 341783  |d 341781 
952 |0 0  |1 0  |4 0  |6 378_200000000000000_UNI_1998  |7 0  |8 X  |9 437527  |a FDOBUD  |b FDOBUD  |d 2019-11-22  |i 4687450  |o 378.2 UNI 1998  |p 4687450  |r 2019-11-22  |w 2019-11-22  |y BK_X  |k FHP 
952 |0 0  |1 0  |4 0  |6 378_200000000000000_UNI_1998  |7 0  |8 X  |9 437528  |a FDOBUD  |b FDOBUD  |d 2019-11-22  |i 4687469  |o 378.2 UNI 1998  |p 4687469  |r 2019-11-22  |w 2019-11-22  |y BK_X  |k FHP